Angular momentum calculus in quantum physics
Αποθηκεύτηκε σε:
| Κύριος συγγραφέας: | |
|---|---|
| Άλλοι συγγραφείς: | |
| Μορφή: | Βιβλίο |
| Γλώσσα: | English |
| Δημοσίευση: |
Singapore ; Teaneck, NJ :
World Scientific,
c1990
|
| Θέματα: | |
| Ετικέτες: |
Προσθήκη ετικέτας
Δεν υπάρχουν, Καταχωρήστε ετικέτα πρώτοι!
|
MARC
| LEADER | 00000nam a2200000 i 4500 | ||
|---|---|---|---|
| 001 | 1/77753 | ||
| 008 | 990506s1990 eng d | ||
| 020 | |a 981-02-0412-4 | ||
| 035 | |l 10049986 | ||
| 040 | |a GR-MY-UA |b gre |e aacr | ||
| 041 | 0 | |a eng | |
| 082 | 0 | |a 539.725 | |
| 100 | 1 | |a Danos, Michael. | |
| 245 | 1 | 0 | |a Angular momentum calculus in quantum physics / |c Michael Danos and Vincent Gillet |
| 260 | |a Singapore ; Teaneck, NJ : |b World Scientific, |c c1990 | ||
| 300 | |a vii, 163 p.; |c 26 cm. | ||
| 500 | |a Includes index | ||
| 650 | 0 | 0 | |a Angular momentum (Nuclear physics) |
| 700 | 1 | |a Gillet, Vincent. | |
| 852 | |a INST |b SAMOS |e 19990506 |h 539.725 DAN |p 005300014808 |q 005300014808 |t BK |y 0 | ||
| 901 | |a BIBL-1999-2 | ||
| 909 | |a Σ |b 064680 | ||
| 922 | |a 3ΕΛΗ |b 199903 |c ΚΠΣ |d GLORY | ||
| 950 | |a 116-1998-08-10 | ||